Tính cách quyết định vận mệnh : Vận mệnh của tính cương nghị
Cuốn sách không phải là một loại "xem tướng" mà là một tư liệu hoàn toàn khoa học có tính thực tế cao độ được viết ra từ những nhân vật nổi tiếng thực tế trong lịch sử loài người bằng sự so sánh và đối chiếu chính xác qua...
Сохранить в:
| Главный автор: | |
|---|---|
| Формат: | |
| Язык: | Undetermined |
| Опубликовано: |
Hà Nội
Công an nhân dân
2006
|
| Предметы: | |
| Метки: |
Добавить метку
Нет меток, Требуется 1-ая метка записи!
|
| Thư viện lưu trữ: | Trung tâm Học liệu Trường Đại học Cần Thơ |
|---|
| LEADER | 01321nam a2200217Ia 4500 | ||
|---|---|---|---|
| 001 | CTU_112438 | ||
| 008 | 210402s9999 xx 000 0 und d | ||
| 020 | |c 23000 | ||
| 082 | |a 155.2 | ||
| 082 | |b Qu121/T.2 | ||
| 100 | |a Trương, Quân | ||
| 245 | 0 | |a Tính cách quyết định vận mệnh : | |
| 245 | 0 | |b Vận mệnh của tính cương nghị | |
| 245 | 0 | |c Trương Quân, Đoàn Như Trác | |
| 260 | |a Hà Nội | ||
| 260 | |b Công an nhân dân | ||
| 260 | |c 2006 | ||
| 520 | |a Cuốn sách không phải là một loại "xem tướng" mà là một tư liệu hoàn toàn khoa học có tính thực tế cao độ được viết ra từ những nhân vật nổi tiếng thực tế trong lịch sử loài người bằng sự so sánh và đối chiếu chính xác qua nhiều thời gian lịch sử đúng với nhân vật có thật trong lịch sử. Sách giúp cho mỗi chúng ta nhìn xưa biết nay, biết mình biết người, tạo lập tính cách, nắm lấy vận mệnh làm một người thành công. | ||
| 650 | |a Self (Philosophy),Personality | ||
| 904 | |i Minh | ||
| 980 | |a Trung tâm Học liệu Trường Đại học Cần Thơ | ||